Wieden, Brage$cbei der, 1963-. Die Entwicklung der pommerschen Bevölkerung 1701 bis 1918. - Köln [u.a.] : Böhlau. - 1999 [Rezension]
| Titel: | Wieden, Brage$cbei der, 1963-. Die Entwicklung der pommerschen Bevölkerung 1701 bis 1918. - Köln [u.a.] : Böhlau. - 1999 [Rezension] |
|---|---|
| Verfasser: | |
| In: |
Vierteljahrschrift für Sozial- und Wirtschaftsgeschichte, Band 88 (2001), Seite 213 alle Artikel anzeigen |
| Veröffentlicht: | 2001 |
| Format: | Aufsatz |
| Sprache: | Deutsch |
X
alg: 39501901
001A $01999:12-11-16
001B $01999:04-08-21 $t21:02:16.000
001D $01999:12-11-16
001U $0utf8
001X $00
002@ $0Aox
003@ $039501901X
007A $039501901X $aHEB
007T $0Herd43538
010@ $ager
011@ $a2001
021A $aWieden, Brage$cbei der, 1963-. Die @Entwicklung der pommerschen Bevölkerung 1701 bis 1918. - Köln {[u.a.] : Böhlau. - 1999 [Rezension]
028A $aKrieger $dMartin
031A $d88 $h213 $j2001
039B $aIn $8--Abvc--. Vierteljahrschrift für Sozial- und Wirtschaftsgeschichte. - Stuttgart : Steiner, 1903-. - ISSN 0042-5699 $x200100000880000787 $9047251867
039T $8--Aau--Wieden, Brage$cbei der$Z1963- [Tp1]. Die @Entwicklung der pommerschen Bevölkerung 1701 bis 1918. - Köln {[u.a.] : Böhlau, 1999. - VI, 138 S.. - ISBN 3-412-00399-9 $9072421606
045F $a900.943816 $eDDC23BSB
045F/01 $a900
045F/03 $g43816
lok: 39501901 78
exp: 39501901 78 1 #EPN
201B/01 $018-11-16 $t13:30:15.000
201U/01 $0utf8
203@/01 $0791317625
208@/01 $a12-11-16 $be
209A/01 $a/ $f000 $x00
220C/01 $aTitelaufnehmer: cs
244Z/01 $2Trx $#Pomeranija $#Pommern $#Pomoransko $#Pomořansko $#Hinterpommern;Vorpommern;Mittelpommern $#Pomorze Środkowe;Pomorze Przednie $#Pomořansko;Západní Pomořany; Pomořany $8--Trx--Pomorze Zachodnie $x01 $9391303775
244Z/01 $2Trx $#arvustused $#recenzijos $#Reviews $#recenziók $#recenzje $#recenzie $#recenze $8--Trx--Rezensionen $x02 $9391357441
247C/01 $82080>Marburg/Lahn, Herder-Institut, Forschungsbibliothek, Bibliographieportal $9336309341
| LEADER | 00000caa a22000002c 4500 | ||
|---|---|---|---|
| 001 | 39501901X | ||
| 003 | DE-603 | ||
| 005 | 20210804210216.0 | ||
| 007 | tu | ||
| 008 | 161112s2001 xx |||| | u00||u|ger c | ||
| 035 | |a (DE-599)HEB39501901X | ||
| 040 | |a DE-603 |b ger |c DE-603 |d DE-603 | ||
| 041 | |a ger | ||
| 082 | 0 | 4 | |8 1\u |a 900.943816 |q DE-101 |2 23/BSB |
| 085 | |8 1\u |b 900 | ||
| 085 | |8 1\u |z 2 |s 43816 | ||
| 100 | 1 | |a Krieger, Martin | |
| 245 | 0 | 0 | |a Wieden, Brage$cbei der, 1963-. Die Entwicklung der pommerschen Bevölkerung 1701 bis 1918. - Köln [u.a.] : Böhlau. - 1999 [Rezension] |
| 264 | 0 | |c 2001 | |
| 773 | 0 | 8 | |i In |t Vierteljahrschrift für Sozial- und Wirtschaftsgeschichte |d Stuttgart : Steiner, 1903- |x 0042-5699 |g Band 88 (2001), Seite 213 |w (DE-603)047251867 |w (DE-600)200400-8 |
| 787 | 0 | 8 | |a Wieden, Brage bei der, 1963- |t Die Entwicklung der pommerschen Bevölkerung 1701 bis 1918 |d Köln [u.a.] : Böhlau, 1999 |h VI, 138 S. |z 3412003999 |w (DE-603)072421606 |
| 924 | 0 | |9 2080 |a (DE-603)791317625 |b DE-2080 |c HES |d d |g / | |


